| 000 | 00000nas##2200000za#4500 |
|---|---|
| 001 | 9.503928 |
| 003 | CaOODSP |
| 005 | 20250403104734 |
| 007 | cr ||||||||||| |
| 008 | 150406c2013||||xxc|| m o||||f| |0fre|d |
| 022 | |a2292-3799 |
| 040 | |aCaOODSP|bfre |
| 043 | |an-cn--- |
| 086 | 1 |aCS75-005F-PDF |
| 245 | 00|aDocuments techniques - statistiques sur le travail |h[ressource électronique] |
| 246 | 17|aStatistiques sur le travail : documents techniques |
| 260 | |aOttawa - Ontario : |bStatistique Canada |
| 310 | |aIrrégulier |
| 710 | 2 |aStatistique Canada. |
| 775 | 08|tTechnical paper - labour statistics |w(CaOODSP)9.507538 |